| 000 -LEADER |
| fixed length control field |
00494cam a2200169 i 4500 |
| 020 ## - INTERNATIONAL STANDARD BOOK NUMBER |
| ISBN |
9780946888771 |
| 040 ## - CATALOGING SOURCE |
| Transcribing agency |
DLC |
| 082 ## - DEWEY DECIMAL CLASSIFICATION NUMBER |
| Classification number |
577 AUG 2012 C275 Or. |
| 245 04 - TITLE STATEMENT |
| Title |
The biodiversity of the proposed western Siem Pang Protected Forest Stung Treng Province, Cambodia. |
| 250 ## - EDITION STATEMENT |
| Edition statement |
1st ed. |
| 300 ## - PHYSICAL DESCRIPTION |
| Number of Pages |
xix, 203 pages ; |
| Dimensions |
30 cm. |
| 650 #0 - SUBJECT ADDED ENTRY--TOPICAL TERM |
| Topical Term |
Biodiversity |
| 650 #0 - SUBJECT ADDED ENTRY--TOPICAL TERM |
| Topical Term |
Biodiversity conservation |
| 650 #0 - SUBJECT ADDED ENTRY--TOPICAL TERM |
| Topical Term |
Animals |
| 710 2# - ADDED ENTRY--CORPORATE NAME |
| Corporate name or jurisdiction name as entry element |
BirdLife International in Indochina. |
| 942 ## - ADDED ENTRY ELEMENTS (KOHA) |
| Koha item type |
ADB |
| 952 ## - LOCATION AND ITEM INFORMATION (KOHA) |
| Withdrawn status [LOCAL, KOHA] |
0 |